Modern university physics (Record no. 14481)

000 -LEADER
fixed length control field 00478nam a22001937a 4500
001 - CONTROL NUMBER
control field 14481
003 - CONTROL NUMBER IDENTIFIER
control field BD-DhUET
008 - FIXED-LENGTH DATA ELEMENTS--GENERAL INFORMATION
fixed length control field 150308b xxu||||| |||| 00| 0 eng d
040 ## - CATALOGING SOURCE
Original cataloging agency DLC
Transcribing agency DLC
Modifying agency BD-DhUET
082 ## - DEWEY DECIMAL CLASSIFICATION NUMBER
Classification number 530
Item number RIC/1960
100 ## - MAIN ENTRY--PERSONAL NAME
Personal name Richards, James A.
245 ## - TITLE STATEMENT
Title Modern university physics
250 ## - EDITION STATEMENT
Edition statement 1st ed.
260 ## - PUBLICATION, DISTRIBUTION, ETC. (IMPRINT)
Place of publication, distribution, etc. London
Name of publisher, distributor, etc. Addison-Wesley
Date of publication, distribution, etc. 1960
300 ## - PHYSICAL DESCRIPTION
Extent xvi,993 p.
Other physical details illus.
650 #0 - SUBJECT ADDED ENTRY--TOPICAL TERM
Topical term or geographic name as entry element Physics
700 ## - ADDED ENTRY--PERSONAL NAME
Personal name Sears, Francis Weston
942 ## - ADDED ENTRY ELEMENTS (KOHA)
Koha item type General Book
Holdings
Source of classification or shelving scheme Withdrawn status Piece designation (barcode) Lost status Koha normalized classification for sorting Koha date last seen Location (home branch) Copy number Sublocation or collection (holding branch) Price effective from Koha item type Date acquired Koha full call number Not for loan Damaged status Shelving location
  1155 530_000000000000000_RIC_19602015-03-08Central Library, BUET1Central Library, BUET2015-03-08General Book2015-03-08530/RIC/1960  Circulation section
  20529 530_000000000000000_RIC_19602015-03-25Central Library, BUET2Central Library, BUET2015-03-25General Book2015-03-25530/RIC/1960  Circulation section